Cyclisme : Effectif 2025 de la Visma Lease à Bike - Statistiques

Statistiques générales
  • Ce quiz a été pris 147 fois
  • Le résultat moyen est 13 sur 29
Statistiques - réponses
Pays Reprensenté Coureur % Correct
Danemark Jonas Vingegaard
96%
Belgique Wout van Aert
90%
France Christophe Laporte
86%
USA Sepp Kuss
81%
Italie Edoardo Affini
78%
USA Matteo Jorgenson
76%
Royaume-Uni Simon Yates
74%
Belgique Tiesj Benoot
63%
France Axel Zingle
62%
Hongrie Attila Valter
59%
Belgique Victor Campenaerts
57%
Pays-Bas Dylan van Baarle
52%
Pays-Bas Olav Kooij
52%
Royaume-Uni Matthew Brennan
45%
Pays-Bas Wilco Kelderman
35%
Pays-Bas Steven Kruijswijk
31%
Royaume-Uni Ben Tulett
30%
Norvège Jørgen Nordhagen
30%
Pays-Bas Bart Lemmen
25%
Norvège Per Strand Hagenes
23%
Belgique Cian Uijtdebroeks
18%
Belgique Julien Vermote
17%
Allemagne Niklas Behrens
17%
Royaume-Uni Thomas Gloag
17%
Royaume-Uni Daniel McLay
11%
Belgique Tosh Van der Sande
11%
Pays-Bas Tijmen Graat
9%
Pays-Bas Loe van Belle
8%
Pays-Bas Menno Huising
7%
Aucun quiz correspondant
Distribution des résultats
% des personnes avec chaque résultat
Percentile par nombre de réponses
Votre historique - résultats
Vous n’avez pas pris ce quiz